<?xml version="1.0" encoding="UTF-8"?><?xml-stylesheet type="text/xsl" href="static/style.xsl"?><OAI-PMH xmlns="http://www.openarchives.org/OAI/2.0/" xmlns:xsi="http://www.w3.org/2001/XMLSchema-instance" xsi:schemaLocation="http://www.openarchives.org/OAI/2.0/ http://www.openarchives.org/OAI/2.0/OAI-PMH.xsd"><responseDate>2026-04-13T08:18:13Z</responseDate><request verb="GetRecord" identifier="oai:www.recercat.cat:2117/11383" metadataPrefix="marc">https://recercat.cat/oai/request</request><GetRecord><record><header><identifier>oai:recercat.cat:2117/11383</identifier><datestamp>2026-02-07T09:11:51Z</datestamp><setSpec>com_2072_1033</setSpec><setSpec>col_2072_452950</setSpec></header><metadata><record xmlns="http://www.loc.gov/MARC21/slim" xmlns:dcterms="http://purl.org/dc/terms/" xmlns:xsi="http://www.w3.org/2001/XMLSchema-instance" xmlns:doc="http://www.lyncode.com/xoai" xsi:schemaLocation="http://www.loc.gov/MARC21/slim http://www.loc.gov/standards/marcxml/schema/MARC21slim.xsd">
   <leader>00925njm 22002777a 4500</leader>
   <datafield ind2=" " ind1=" " tag="042">
      <subfield code="a">dc</subfield>
   </datafield>
   <datafield ind2=" " ind1=" " tag="720">
      <subfield code="a">Di Crescenzo, Giovanni</subfield>
      <subfield code="e">author</subfield>
   </datafield>
   <datafield ind2=" " ind1=" " tag="720">
      <subfield code="a">Herranz Sotoca, Javier</subfield>
      <subfield code="e">author</subfield>
   </datafield>
   <datafield ind2=" " ind1=" " tag="720">
      <subfield code="a">Sáez Moreno, Germán</subfield>
      <subfield code="e">author</subfield>
   </datafield>
   <datafield ind2=" " ind1=" " tag="260">
      <subfield code="c">2010-10-09</subfield>
   </datafield>
   <datafield ind2=" " ind1=" " tag="520">
      <subfield code="a">We investigate proxy auctions, an auction model which is proving very successful for on-line businesses (e.g.http://www.ebay.com), where a trusted server manages bids from clients by continuously updating the current price of the item and the currently winning bid as well as keeping private the winning client’s maximum bid.&#xd;
We propose techniques for reducing the trust in the server by defining and achieving&#xd;
a security property, called server integrity. Informally, this property protects&#xd;
clients from a novel and large class of attacks from a corrupted server by allowing&#xd;
them to verify the correctness of updates to the current price and the currently&#xd;
winning bid. Our new auction scheme achieves server integrity and satisfies two important&#xd;
properties that are not enjoyed by previous work in the literature: it has minimal&#xd;
interaction, and only requires a single trusted server. The main ingredients of&#xd;
our scheme are two minimal-round implementations of zero-knowledge proofs for&#xd;
proving lower bounds on encrypted values: one based on discrete logarithms that is&#xd;
more efficient but uses the random oracle assumption, and another based on quadratic&#xd;
residuosity that only uses standard intractability assumptions but is less efficient.</subfield>
   </datafield>
   <datafield ind2=" " ind1=" " tag="520">
      <subfield code="a">Postprint (published version)</subfield>
   </datafield>
   <datafield tag="653" ind2=" " ind1=" ">
      <subfield code="a">Àrees temàtiques de la UPC::Informàtica::Seguretat informàtica::Criptografia</subfield>
   </datafield>
   <datafield tag="653" ind2=" " ind1=" ">
      <subfield code="a">Auctions -- Computer network resources</subfield>
   </datafield>
   <datafield tag="653" ind2=" " ind1=" ">
      <subfield code="a">Proxy auctions</subfield>
   </datafield>
   <datafield tag="653" ind2=" " ind1=" ">
      <subfield code="a">Subhastes electròniques</subfield>
   </datafield>
   <datafield tag="653" ind2=" " ind1=" ">
      <subfield code="a">Probes de coneixement zero</subfield>
   </datafield>
   <datafield tag="653" ind2=" " ind1=" ">
      <subfield code="a">Confiança en servidor</subfield>
   </datafield>
   <datafield tag="653" ind2=" " ind1=" ">
      <subfield code="a">Criptografia</subfield>
   </datafield>
   <datafield tag="653" ind2=" " ind1=" ">
      <subfield code="a">Seguretat de les comunicacions</subfield>
   </datafield>
   <datafield ind2="0" ind1="0" tag="245">
      <subfield code="a">On server trust in private proxy auctions</subfield>
   </datafield>
</record></metadata></record></GetRecord></OAI-PMH>